Naruto Quiz (Part 1 and 2) - Statistics

General Stats
  • This quiz has been taken 284 times
  • The average score is 11 of 14
Answer Stats
Answer % Correct
Naruto's Last Name Uzumaki
99%
Known as the copy ninja Kakashi
92%
She doesn't become useful until Shippuden Sakura
92%
Fifth Hokage Tsunade
92%
The best girl that Naruto marries Hinata
91%
Slaughtered every Uchiha except his little brother Itachi
91%
Naruto's Son Boruto
90%
Tailed beast inside of Naruto Kurama
89%
Fifth Hokage's assistant Shizune
80%
Naruto's better and more adorable child Himawari
79%
He sacrifices his life to save Hinata and Naruto Neji
70%
The underrated second best girl Tenten
69%
The movie where Naruto and Hinata first kiss The Last
54%
What episode does Naruto learn the shadow clone technique Episode 1
41%
No matching quizzes found
Score Distribution
Percent of People with Each Score
Percentile by Number Answered
Your Score History
You have not taken this quiz